01259cam a2200301 a 4500999001900000001000900019003000500028005001700033008004100050010001700091020002600108038001100134040001800145050002600163082001800189100002700207245009600234260003600330300003300366490003500399500002000434505023500454650004700689650004300736906004500779942001200824952012100836 c523843d52384316044809NUST20190530051533.0100107s2010 njua 001 0 eng  a 2009052172 a9780470686027 (cloth) awaseem aDLCcDLCdDLC00aHG4515.15b.M663 201000a332.6019bMON1 aMontier, James.91464410aLittle book of behavioral investing :bhow not to be your own worst enemy /cJames Montier. aHoboken, N.J. :bWiley,cc2010. axv, 219 p. :bill. ;c19 cm.0 aLittle book big profits series aIncludes index.0 aIn the heat of the moment -- Who's afraid of the big bad market? -- Always look on the bright side of life -- Why does anyone listen to these guys? -- The folly of forecasting -- Information overload -- Turn off that bubblevision! 0aInvestmentsxPsychological aspects.914632 0aFinancexPsychological aspects.914641 a7bcbccorignewd1eecipf20gy-gencatlg 2ddccBK 00102ddc4070aCLbCLcFINd2019-05-30l5o332.6019 MONpCL-64q2026-05-24r2026-01-24s2026-01-24w2019-05-30yBK